000 00749nam a2200241Ia 4500
003 OSt
005 20220925232522.0
006 a|||||r|||| 00| 0
007 ta
008 220923b |||||||| |||| 00| 0 eng d
020 _a9788188284993
_c1700
037 _bDU 011, 22/10/2008, INDEPENDENT PUBLISHERS GROUP
_cGeneral Book
040 _aRTL
_cRTL
_beng
041 _2eng
_aeng
082 _aV2:51y7M93, P7
100 _avishwasrao Prakash
_9297388
245 0 _aBabasaheb Amdekar
260 _aMumbai
_bLok Vangmay Griha
_c2007
300 _a288p
_ccm.
650 _aEconomics
942 _hV2:51y7M93, P7
_cGB
_2CC
999 _c591522
_d591522